ბათუმის შოთა რუსთაველის სახელმწიფო უნივერსიტეტის ბიბლიოთეკა

ღვაწლმოსილი მეცნიერი / (ბიბ.ჩანაწერი № 60257)

000 -ლიდერი
ფიქსირებული სიგრძის საკონტროლო ველი 01049nam a22002177a 4500
003 - საკონტროლო ნომრის იდენტიფიკატორი
საკონტროლო ველი Ge_BSU
005 - ბოლო ოპერაციის თარიღი და დრო
საკონტროლო ველი 20230622122730.0
008 - ფიქსირებული სიგრძის მონაცემთა ელემენტები - ზოგადი ინფორმაცია
ფიქსირებული სიგრძის საკონტროლო ველი 230622s2000 ge ||||| |||| 00| 0 geo d
020 ## - წიგნის საერთაშორისო სტანდარტული ნომერი
International Standard Book Number 9992844434
041 ## - ენის კოდი
Language code of text/sound track or separate title geo
080 ## - უნივერსალური ათობითი კლასიფიკაციის ინდექსი
Universal Decimal Classification number 94(=411.16)(479.22) კ-71
100 ## - მთავარი ჩანაწერი - პიროვნების სახელი
Personal name კომახიძე, თეიმურაზ
9 (RLIN) 3432
245 ## - ცნობა სათაურის შესახებ
Title ღვაწლმოსილი მეცნიერი /
Statement of responsibility, etc თეიმურაზ კომახიძე ; რედ. ჯემალ ხოფერია.
264 ## - წარმოების, გამოცემის, დისტრიბუციის და სხვა ცნობები
გამოცემის, წარმოების, დისტრიბუციის... ადგილი ბათუმი :
გამოცემის, წარმოების, დისტრიბუციის... სახელწოდება ს.ს. "გამომცემლობა აჭარა",
გამოცემის, წარმოების, დისტრიბუციის... თარიღი 2000.
300 ## - ფიზიკური აღწერა
Extent 248 გვ. :
Other physical details ფოტ. ;
Dimensions 20 სმ.
500 ## - ზოგადი შენიშვნა
General note ეძღვნება დავით ხახუტაიშვილის ხსოვნას.
653 ## - INDEX TERM--UNCONTROLLED
Uncontrolled term ხახუტაიშვილი, დავით
653 ## - INDEX TERM--UNCONTROLLED
Uncontrolled term ქართველი არქეოლოგები
700 ## - ADDED ENTRY--PERSONAL NAME
Personal name ხოფერია, ჯემალ
Relator term რედაქტორი
9 (RLIN) 3862
942 ## - ADDED ENTRY ELEMENTS (KOHA)
Source of classification or shelving scheme
Koha item type წიგნი
ეგზემპლარები
ჩამოწერის სტატუსი დაკარგული ეგზემპლარის სტატუსი კლასიფიკაციის წყარო ან თაროზე გაწყობის სქემა დაზიანების სტატუსი არ გაიცემა მუდმივი მდებარეობა (დაცვის ადგილი) ამჟამინდელი ადგილსამყოფელი თაროზე განთავსების ადგილი შეძენის თარიღი ღირებულება, შესყიდვის ნორმალური ფასი სრული შენახვის შიფრი შტრიხკოდი ბოლო ოპერაციის თარიღი ეგზემპლარის მიმდევრობითი ნომერი (კეტერი?) Uniform Resource Identifier ფასის ძალაში შესვლის თარიღი ეგზემპლარის სახეობა საჯარო შენიშვნა
          ბათუმის შოთა რუსთაველის სახელმწიფო უნივერსიტეტის მთავარი ბიბლიოთეკა ბათუმის შოთა რუსთაველის სახელმწიფო უნივერსიტეტის მთავარი ბიბლიოთეკა წიგნსაცავი 2023-06-22 5.00 94(=411.16)(479.22) კ-71 64755 2023-06-22 64755 ბსუ-ს საპატიო დოქტორის გურამ ლორთქიფანიძის საჩუქარი 2023-06-22 წიგნი 5 ლ.